000 01399nkm a2200325 i 4500
001 3455
003 ES-MaACL
005 20250713062722.0
007 khrbo
008 051031s1985 sp --- g |001||spa d
100 0 _aAlfonso,
_d1902-1990
_919858
245 1 3 _aLa mujer palestina [
_hFotografía] /
_cAlfonso (sello).
260 _a[S.l. :
_bs.n.],
_c1985.
300 _a5 fot. :
_bb. y n. ;
_c12 x 18 cm.
500 _aDatos basados en invitación.
511 0 _aIntervienen: Teresa Aranguren Amezola, Carmen Ruiz Bravo, Carmen Sarmiento, Abir Samara, Amal Nadim, Manuela Cortés,.
518 _aActo organizado por el Ateneo de Madrid en colaboración con el Comité por la Paz y la Cooperación, celebrado en el salón de actos el martes, 23 de abril de 1985, a las 19:00 h.
600 1 4 _aAranguren Amezola, Teresa.
_922319
600 1 4 _aRuiz Bravo-Villasante, Carmen,
_d1947-
_9100675
600 1 4 _aSarmiento, Carmen.
_9103824
600 1 4 _aSamará, Abir.
_9102158
600 1 4 _aNadim, Amal.
_984826
600 1 4 _aCortés, Manuela.
_940869
610 2 4 _aAteneo de Madrid-
_xActos culturales-
_y1984-
_vFotografías.
_91898
710 2 _aAteneo de Madrid.
_91875
710 2 _aComité por la Paz y la Cooperación.
_93095
852 _aES-MaACL
_jFOT 19/1985
856 4 _uhttp://www.ateneodemadrid.net/biblioteca_digital/imagenes/1985/0019-1985.jpg
_zVer imagen
999 _c3455
_d3455